Star Wars: Galaxy of Heroes Character Quiz - Statistics

General Stats
  • This quiz has been taken 257 times
    4 since last reset
  • The average score is 236 of 325
Answer Stats
Answer Alignment Description Role Tags Leader? % Correct
4-LOM Dark Side Dark Side Bounty Hunter Support that has a team dispel and can inflict Corrupted Translation Support Bounty Hunter/Droid/Scoundrel Yes
100%
Aayla Secura Light Side Versatile attacker with high survivability through dodge, hitpoints, and self healing Support Galactic Republic/Jedi Yes
100%
Admiral Ackbar Light Side Rebel support that can dispel debuffs and grant allies extra turns Support Fleet Commander/Rebel Yes
100%
Admiral Piett Dark Side An ambitious Imperial officer who supports his allies while plotting their demise Support Empire/Fleet Commander/Imperial Trooper Yes
100%
Ahsoka Tano Light Side Spectre Tank whose attacks constantly regenerate allies' health and keeps enemies distracted Tank Galactic Legend/Spectre/Unaligned Force User Yes
100%
Ahsoka Tano (Snips) Light Side Versatile attacker who constantly assists while healing and dispelling Attacker 501st/Galactic Republic/Jedi Yes
100%
Asajj Ventress Dark Side Nightsister controller with healing who generates attack power as characters are defeated Support Nightsister/Separatist/Unaligned Force User Yes
100%
Aurra Sing Dark Side Deadly Bounty Hunter that has increased damage while stealthed Attacker Bounty Hunter/Scoundrel Yes
100%
B1 Battle Droid Dark Side Fragile Separatist attacker that overwhelms their enemies with numbers Attacker Droid/Separatist No
100%
B2 Super Battle Droid Dark Side Droid tank that relentlessly punishes enemies that evade attacks or damage allies Tank Droid/Separatist No
100%
Barriss Offee Light Side Jedi healer that can balance party health and dispel allied Jedi frequently Healer Galactic Republic/Jedi Yes
100%
Baze Malbus Light Side Fearsome Rebel tank who taunts, dispels buffs, and inflicts debuffs Tank Rebel/Rebel Fighter/Rogue One No
100%
BB-8 Light Side Persistent Resistance droid who empowers allies by circulating Secret Intel Support Droid/Resistance No
100%
Biggs Darklighter Light Side Rebel support with critical hit synergy who calls assists Support Rebel/Rebel Fighter No
100%
Boba Fett Dark Side Ruthless Bounty Hunter who ignores taunts, Ability Blocks, and self-revives Attacker Bounty Hunter/Hutt Cartel/Scoundrel Yes
100%
Boba Fett, Scion of Jango Dark Side Infamous Bounty Hunter with a variety of debuffs and synergy with both Bounty Hunters and Scoundrels Attacker Bounty Hunter/Scoundrel Yes
100%
Bodhi Rook Light Side Clever Rebel support who spots enemy units for his allies Support Rebel/Rebel Fighter/Rogue One No
100%
Bo-Katan Kryze Light Side Mandalorian Attacker that unites fellow Mandalorians and rallies them to assist Attacker Mandalorian/Scoundrel Yes
100%
Bossk Dark Side Bounty Hunter tank that constantly regenerates health and protection Tank Bounty Hunter/Scoundrel Yes
100%
Boss Nass Light Side A boisterous Leader who commands the Gungans of Otoh Gunga with pride and utilizes their unique technology to achieve victory Support Gungan Yes
100%
C-3PO Light Side Evasive support character that confuses foes and strengthens mixed-faction inter play with Translation Support Droid/Galactic Republic/Rebel/Resistance No
100%
Cad Bane Dark Side Bounty Hunter support with a powerful stun and bonuses against Jedi characters Support Bounty Hunter/Hutt Cartel/Scoundrel Yes
100%
Cal Kestis Light Side Unaligned Force User Attacker that keeps allies healthy and enemies slow and debuffed Support Unaligned Force User No
100%
Captain Phasma Dark Side High-damage First Order support that can grant allies many extra attacks Support First Order Yes
100%
Captain Rex Light Side Phoenix Support that constantly cleanses allies' debuffs with critical hits and inflicts unresistable debuffs Support Clone Trooper/Phoenix/Rebel/Rebel Fighter No
100%
Cassian Andor Light Side Rebel support who buffs allies at the start of battle and debuffs enemies during battle Support Rebel/Rebel Fighter/Rogue One No
100%
CC-2224 "Cody" Light Side Clone attacker that stuns and calls tons of assists Attacker Clone Trooper/Galactic Republic Yes
100%
Cere Junda Light Side Resilient support who aids her allies with an assortment of different buffs and punishes fast opponents Support Scoundrel/Unaligned Force User Yes
100%
Chewbacca Light Side Mighty Rebel attacker who guards the weakest ally Attacker Rebel/Scoundrel/Smuggler/Wookiee No
100%
Chopper Light Side Surly Phoenix support who taunts and dispels, and can recover Phoenix cooldowns Support Droid/Phoenix/Rebel No
100%
Clone Wars Chewbacca Light Side Durable tank with both Taunt and self-healing Tank Galactic Republic/Scoundrel/Wookiee Yes
100%
Commander Luke Skywalker Light Side Determined Rebel hero who can ignore debuffs or ignore Taunts Attacker Rebel/Unaligned Force User Yes
100%
Count Dooku Dark Side Disciplined Separatist attacker with high damage, counter attacks, and debuff capabilities Attacker Separatist/Sith Yes
100%
Crosshair (Scarred) Light Side Attacker who becomes more accurate as he gains more stacks of Target Practice Attacker Bad Batch No
100%
CT-21-0408 "Echo" Light Side Clone Trooper support that automatically assists allies and can dispel all enemy buffs Support 501st/Clone Trooper/Galactic Republic No
100%
CT-7567 "Rex" Light Side Clone leader who fiercely supports and protects his 501st and Clone Trooper allies Support 501st/Clone Trooper/Galactic Republic Yes
100%
Dark Trooper Dark Side An Imperial Remnant attacker whose abilities are modified by the amount of a certain status effect Attacker Droid/Empire/Imperial/Imperial Remnant/Imperial Trooper No
100%
Darth Bane Dark Side Dangerous Sith Attacker that becomes more powerful when his allies are defeated and supports a certain Galactic Legend Attacker Sith Yes
100%
Darth Maul Dark Side Deadly Attacker that gains power and extra turns as enemies are defeated Attacker Sith Yes
100%
Darth Revan Dark Side Ruthless Sith Lord that is extremely effective at taking down the enemy leader Attacker Fleet Commander/Sith/Sith Empire Yes
100%
Darth Sidious Dark Side Brutal Attacker effective against Healers and Jedi while boosting allied Criticals as a leader Attacker Sith Yes
100%
Darth Talon Dark Side Nimble Sith attacker who supports and keeps the leader alive Attacker Sith No
100%
Darth Vader Dark Side Fearsome Attacker that applies AoE Damage Over Time, and crushes debuffed targets for extra turns Attacker Empire/Sith Yes
100%
Director Krennic Dark Side Intimidating Empire Support who inflicts devastating debuffs and slows enemies Support Empire/ISB Yes
100%
Droideka Dark Side Destructive Droid attacker that punishes fast enemies from behind its deflector shield Attacker Droid/Separatist No
100%
Echo Light Side Loyal Clone Trooper who supports his allies in battle Support Bad Batch/Clone Trooper/Galactic Republic No
100%
Eeth Koth Light Side Stunning Jedi Support extremely effective against Droids Support Galactic Republic/Jedi Yes
100%
Eighth Brother Dark Side A stealthy member of the Inquisitorious with an arsenal of tricks and weapons to surprise his opponent Attacker Empire/Inquisitorius/Unaligned Force User Yes
100%
Embo Dark Side Deadly Bounty Hunter Attacker that consumes his Protection to boost his damage Attacker Bounty Hunter/Hutt Cartel/Mercenary/Scoundrel Yes
100%
Emperor Palpatine Dark Side Overwhelming Sith Support who inflicts Shock and can Stun targets for multiple turns Support Empire/Sith Yes
100%
Enfys Nest Light Side Powerhouse attacker that stacks Protection when attacked, then dismantles enemy defenses with Dispels and Turn Meter manipulation Attacker Scoundrel/Smuggler No
100%
Ezra Bridger Light Side Versatile Phoenix Attacker that can perform a variety of effects based on the Roles of allies Attacker Jedi/Phoenix/Rebel No
100%
Fennec Shand Dark Side Lethal Bounty Hunter capable of taking on the most dangerous foes Attacker Bounty Hunter/Scoundrel Yes
100%
Fifth Brother Dark Side A powerful Inquisitor that specializes in supporting the purge of all Jedi by applying devastating debuffs Support Empire/Inquisitorius/Unaligned Force User Yes
100%
Finn Light Side Resistance tank that keeps the pressure up with a balance between offense and defense Tank Resistance Yes
100%
First Order Stormtrooper Dark Side First Order tank that uses Advantage to disrupt enemies Tank First Order No
100%
Garazeb "Zeb" Orrelios Light Side Versatile Phoenix Tank with wide variety of effects for allies or enemies with or without debuffs Tank Phoenix/Rebel No
100%
Gar Saxon Dark Side Leader who grants Empire allies Counter Chance and Assists them when they Counter Attack Tank Empire/Mandalorian Yes
100%
General Grievous Dark Side Aggressive Attacker that grows increasingly stronger as the Droids around him fall; although he hates being called a droid, he counts as one in combat Attacker Droid/Fleet Commander/Separatist Yes
100%
General Hux Dark Side Ruthless First Order Support that can prevent enemies from counterattacking Support First Order/Fleet Commander Yes
100%
General Kenobi Light Side Vigorous Jedi Tank who gains Foresight, dispels debuffs to grant buffs, and calls buffed allies to Assist Tank Fleet Commander/Galactic Republic/Jedi Yes
100%
General Skywalker Light Side Fierce Jedi Attacker who protects his battalion at all costs Tank 501st/Galactic Republic/Jedi Yes
100%
General Syndulla Light Side Spectre Support that gives allies increased Tenacity and prevents allies from being defeated Support Spectre Yes
100%
Grand Admiral Thrawn Dark Side Calculating Empire Leader who can halt enemies in their tracks, and grants Empire allies a new Special ability Support Empire/Fleet Commander Yes
100%
Grand Inquisitor Dark Side The calculating and relentless master of the Inquisitorius who specializes in dealing with Jedi Attacker Empire/Inquisitorius/Unaligned Force User Yes
100%
Grand Master Yoda Light Side Masterful Jedi support that can replicate enemy buffs and share them with allies Support Galactic Republic/Jedi Yes
100%
Grand Moff Tarkin Dark Side Offensive Empire Support with crushing AoE debuffs Support Empire/Fleet Commander Yes
100%
Greef Karga Light Side Bounty Hunter Support that provides recovery and assist calls Support Bounty Hunter/Scoundrel Yes
100%
Han Solo Light Side Daring Attacker that stacks Criticals in his favor and always shoots first Attacker Rebel/Scoundrel No
100%
Hera Syndulla Light Side Cunning Phoenix Support that allows Phoenix allies to share their Unique abilities with each other Support Phoenix/Rebel Yes
100%
Hermit Yoda Light Side Jedi recluse who can remain hidden in Stealth while granting buffs and recovery to allies Support Jedi No
100%
Hunter Light Side Tactical leader of the Bad Batch who subtly destroys his enemies Support Bad Batch/Clone Trooper/Galactic Republic Yes
100%
Hunter (Mercenary) Light Side Dangerous Bad Batch Support that deals massive damage by marking enemies Support Bad Batch/Mercenary No
100%
IG-100 MagnaGuard Dark Side Disruptive Droid Tank that Taunts and takes an extra turn before it is defeated Tank Droid/Separatist No
100%
IG-11 Light Side Versatile Healer with strong Scoundrel and Droid synergies Healer Droid/Scoundrel No
100%
IG-88 Dark Side Droid Attacker with debuffs and a damage bonus against debuffed enemies Attacker Bounty Hunter/Droid/Scoundrel Yes
100%
Inquisitor Barriss Dark Side Inquisitor Healer that Siphons Critical Damage from the enemy and grants it to her team Healer Empire/Inquisitorius/Unaligned Force User Yes
100%
Jabba the Hutt Dark Side A ruthless crime boss who exerts his influence on others to control the flow of battle to support his criminal underworld and Hutt Cartel enforcers Support Bounty Hunter/Galactic Legend/Hutt Cartel/Smuggler Yes
100%
Jango Fett Dark Side Notorious Bounty Hunter that exploits debuffed foes and inflicts Burning Attacker Bounty Hunter/Mandalorian/Mercenary/Scoundrel/Separatist Yes
100%
Jar Jar Binks Light Side Clumsy Gungan Support who uses random chance as a deadly mechanic Support Gungan No
100%
Jawa Light Side Attacker effective against debuffed enemies as well as Droids Attacker Jawa No
100%
Jawa Engineer Light Side High-speed Jawa Healer with a Critical Chance buff and both Jawa and Droid synergy Healer Jawa No
100%
Jedi Knight Anakin Light Side High-pressure Jedi attacker that punishes enemies for wounding his allies Attacker Galactic Republic/Jedi Yes
100%
Jedi Knight Cal Kestis Light Side Versatile Jedi Attacker that can shift between providing defense and providing offensive capabilities Attacker Jedi/Mercenary Yes
100%
Jedi Knight Luke Skywalker Light Side Stalwart Jedi hero of legend who ascends to victorious heights alongside his Jedi allies through the will of the Force Attacker Jedi Yes
100%
Jedi Master Kenobi Light Side Renowned Jedi Master that provides damage and support through a diverse set of abilities Attacker Galactic Legend/Galactic Republic/Jedi Yes
100%
Jedi Master Luke Skywalker Light Side The wizened Jedi master of legend who empowers his Jedi allies with the knowledge and skills he has obtained Tank Galactic Legend/Jedi Yes
100%
Jedi Master Mace Windu Light Side Deadly Jedi Vanguard Attacker that permanently prevents enemies from gaining Stealth and inflicts them with constant Exposes Attacker Galactic Republic/Jedi/Jedi Vanguard Yes
100%
Jyn Erso Light Side Offensive Rebel Leader who gains Advantage, Stuns enemies, revives Rebel allies and grants them Potency Up Attacker Rebel/Rebel Fighter/Rogue One Yes
100%
K-2SO Light Side Rebel Tank who Taunts and Counter Attacks Tank Droid/Rebel/Rebel Fighter/Rogue One No
100%
Kanan Jarrus Light Side Durable Phoenix Tank that keeps enemy Offense crippled and allies healthy Tank Jedi/Phoenix/Rebel No
100%
Kit Fisto Light Side Versatile Jedi Attacker with multi-attack, Counter Chance, and a variety of ally buffs Attacker Galactic Republic/Jedi Yes
100%
Lando Calrissian Light Side Scoundrel leader with high offense and excellent Critical Hit synergy Attacker Rebel/Rebel Fighter/Scoundrel Yes
100%
Leia Organa Light Side The tactical leader of the Rebellion and high priority target of the Empire, dictates the precise strikes of the battle while inspiring and defending her allies Tank Galactic Legend/Rebel Yes
100%
Luke Skywalker (Farmboy) Light Side Attacker that can boost his own Critical Rate, then disable enemies with Critical Hits Attacker Rebel Yes
100%
Luminara Unduli Light Side Versatile attacker with ability block and powerful party heal Healer Galactic Republic/Jedi Yes
100%
Mace Windu Light Side Aggressive Jedi tank with devastating damage if left unchecked Tank Fleet Commander/Galactic Republic/Jedi Yes
100%
Mara Jade, The Emperor's Hand Dark Side Dark Side force user Attacker who uses her allies to boost her own power and supports a certain Dark Side Support Attacker Empire/Unaligned Force User No
100%
Maul Dark Side Unrelenting Attacker that uses his anguish to crush his foes Attacker Mandalorian/Unaligned Force User Yes
100%
Moff Gideon Dark Side Empire Leader that can lead a fireteam into battle and punish enemies with the Leader tag Support Empire/Imperial Remnant/Imperial Trooper Yes
100%
Mon Mothma Light Side Rebel Leader who supports and rallies her allies Support Rebel Yes
100%
Mother Talzin Dark Side Vicious Nightsister Leader who inflicts Plague, preventing enemies from Dispelling debuffs Support Nightsister Yes
100%
Ninth Sister Dark Side Burly Inquisitorius Tank that inflicts crippling debuffs and can keep herself alive Tank Empire/Inquisitorius/Unaligned Force User No
100%
Nute Gunray Dark Side Separatist Support who specializes in sabotaging enemy strategies Support Scoundrel/Separatist Yes
100%
Obi-Wan Kenobi (Old Ben) Light Side Durable Jedi Tank able to shut down enemy offense with multiple debuffs Tank Jedi/Rebel Yes
100%
Omega Light Side Clever and empathetic attacker who utilizes buffs, debuffs, and the presence of her Bad Batch allies to take out her foes Attacker Bad Batch/Clone Trooper No
100%
Omega (Fugitive) Light Side Resourceful Support that grants allies undispellable Stealth and reduces cooldowns through health gain Support Bad Batch Yes
100%
Padawan Obi-Wan Light Side Focused Attacker that cuts the offense of enemies in half and constantly assists Attacker Galactic Republic/Jedi No
100%
Padme Amidala Light Side Courageous leader who continuously helps her allies and adapts to any circumstance Support Galactic Republic Yes
100%
Paz Vizsla Light Side A proud and stalwart Mandalorian Tank who upholds the Creed while laying down heavy fire from his blaster cannon Tank Mandalorian No
100%
Plo Koon Light Side Jedi Tank with Clone synergy, reliable enemy Dispel and anti-Stealth Tank Galactic Republic/Jedi Yes
100%
Poe Dameron Light Side Resistance Tank with a Taunt that inflicts Expose for big reversals Tank Resistance Yes
100%
Poggle the Lesser Dark Side Support for Geonosian and Separatist allies, with strong offensive synergies Support Geonosian/Separatist Yes
100%
Princess Leia Light Side Well-rounded Rebel Attacker with extra attacks, Stealth, and team Critical bonuses Attacker Rebel Yes
100%
Qui-Gon Jinn Light Side Versatile Attacker focused on generating extra attacks Support Galactic Republic/Jedi Yes
100%
R2-D2 Light Side Versatile Support Droid that inflicts Burning and grants allies Stealth Support Droid/Galactic Republic/Rebel/Resistance No
100%
Rebel Officer Leia Organa Light Side Tenacious Rebel Attacker that counters debuffs and is more effective against healthy targets Attacker Rebel Yes
100%
Resistance Hero Finn Light Side Supportive Attacker whose inspiration empowers his allies on the battlefield Attacker Resistance No
100%
Resistance Hero Poe Light Side Offensive Attacker who overpowers his enemies with debilitating effects Attacker Resistance No
100%
Savage Opress Dark Side Durable Attacker that crushes low-health units and becomes stronger when attacked Attacker Sith Yes
100%
Saw Gerrera Light Side Rebel Fighter Support that punishes enemies for taking turns Support Rebel/Rebel Fighter Yes
100%
Second Sister Dark Side Ruthless Inquisitor Attacker that gains extra offense from enemies inflicted with Purge Attacker Empire/Inquisitorius/Unaligned Force User Yes
100%
Seventh Sister Dark Side Inquisitorius Healer that constantly assists Inquisitorius allies Healer Empire/Inquisitorius/Unaligned Force User Yes
100%
Shaak Ti Light Side Inspiring Jedi Leader with heightened reflexes Support Galactic Republic/Jedi Yes
100%
Shin Hati Dark Side Mercenary Attacker that uses Critical Hits to gain Soldier of Fortne and revive allies Attacker Mercenary/Unaligned Force User No
100%
Sith Eternal Emperor Dark Side Cunning Emperor of the Sith that eliminates his enemies with the overwhelming power of the dark side Attacker Galactic Legend/Sith Yes
100%
Sith Trooper Dark Side Elite trooper with powerful First Order and Sith synergy and high damage potential Attacker First Order/Sith No
100%
Skiff Guard (Lando Calrissian) Light Side Cunning Scoundrel Attacker who assists his allies and gains ramping damage the longer he stays undercover Attacker Hutt Cartel/Scoundrel/Smuggler No
100%
Stormtrooper Dark Side Empire Tank that can Taunt and surprise enemies with unpredictable damage Tank Empire/Imperial Remnant/Imperial Trooper No
100%
Stormtrooper Han Light Side Versatile tank able to surprise enemies with sudden Turn Meter changes and Offense boosts Tank Rebel/Scoundrel Yes
100%
Tarrful Light Side Ferocious Support that provides Defense to his allies and punishes enemies with Provoked Support Wookiee Yes
100%
The Armorer Light Side A Mandalorian leader and support unit that collects beskar to buff her team and rally them Support Mandalorian Yes
100%
The Mandalorian Light Side Powerful Mandalorian bounty hunter who relies on critical hits to overwhelm his enemies Attacker Bounty Hunter/Mandalorian/Scoundrel Yes
100%
Third Sister Dark Side Merciless Inquisitorius Tank who constantly revives and can inflict devastating debuffs Tank Empire/Inquisitorius/Unaligned Force User Yes
100%
Vandor Chewbecca Light Side Aggressive Scoundrel Tank that provides Protection Recovery for his allies when they are attacked Tank Scoundrel/Smuggler/Wookiee No
100%
Veteran Smuggler Chewbacca Light Side Lumbering attacker who accumulates Offensive capabilities as enemies take actions Attacker Resistance/Scoundrel/Smuggler/Wookiee No
100%
Veteran Smuggler Han Solo Light Side Scoundrel Attacker with multi-attack and multiple devastating debuffs Attacker Resistance/Scoundrel/Smuggler No
100%
Wedge Antilles Light Side Rebel Attacker with a strong offensive opening Attacker Rebel/Rebel Fighter Yes
100%
Wicket Light Side Jittery Ewok Attacker with Critical Hit and Stealth synergies Attacker Ewok No
100%
Wrecker Light Side Resilient Clone Trooper who protects his allies and gets empowered when taking damage Tank Bad Batch/Clone Trooper/Galactic Republic No
100%
Yoda & Chewie Light Side Jedi Wookiee Support that grants allies Turn Meter and extra Offense Support Galactic Republic/Jedi/Wookiee No
100%
Young Han Solo Light Side Scoundrel Attacker who becomes more deadly over time Attacker Scoundrel/Smuggler No
100%
Young Lando Calrissian Light Side Scoundrel Attacker that takes advantage of debuffed enemies and deals ever-increasing damage Attacker Scoundrel/Smuggler No
100%
Zorii Bliss Light Side An elusive Smuggler that uses her spice runner skills to help the Resistance Support Resistance/Scoundrel/Smuggler No
100%
Zuckuss Dark Side Bounty Hunter Tank that constantly regenerates Protection and can grant allies assists with Foresight Tank Bounty Hunter/Scoundrel/Unaligned Force User Yes
100%
50R-T Light Side Droid Leader that boosts other Light Side Droids and safeguards the weakest ally Support Droid/Old Republic Yes
67%
Admiral Raddus Light Side A brilliant rebel tactician who supports his allies by buying time for them to carry out their mission Support Fleet Commander/Rebel/Rogue One Yes
67%
Admiral Trench Dark Side A cunning Separatist admiral who supports his allies with potent buffs and ruins his foes with debilitating debuffs Support Separatist Yes
67%
Ahsoka Tano (Fulcrum) Light Side Enduring Rebel attacker who shrugs off debuffs and consumes buffs to deal extra damage Attacker Rebel/Unaligned Force User No
67%
Amilyn Holdo Light Side Seasoned Resistance tank with powerful ally support and enemy debuffs Tank Fleet Commander/Resistance No
67%
Bastila Shan Light Side Strong Jedi support that grants allies an overwhelming first turn with her leader ability Support Jedi/Old Republic Yes
67%
Baylan Skoll Dark Side Fierce Mercenary Tank that protects allies and dishes out massive damage with Soldier of Fortune Tank Mercenary/Unaligned Force User Yes
67%
Ben Solo Light Side A powerful Force user whose internal struggles have long placed him on the edge of light and dark Attacker Unaligned Force User No
67%
Bistan Light Side Wild Rebel attacker who gains Frenzy, debuffs enemies, and removes turn meter Attacker Rebel/Rebel Fighter/Rogue One No
67%
Canderous Ordo Dark Side Powerful attacker who can make short work of enemy tanks Attacker Mandalorian/Mercenary/Old Republic/Scoundrel No
67%
Captain Tarpals Light Side A powerful Gungan Attacker who crushes his foes with area damage and wrecks debuffed enemies Attacker Gungan No
67%
Cara Dune Light Side A scoundrel Rebel tank who gains benefits when being led by either Tank Constable/Mercenary/New Republic/Rebel/Rebel Fighter/Scoundrel No
67%
Carth Onasi Light Side Old Republic soldier that excels at clearing waves of enemies Attacker Old Republic Yes
67%
Chief Chirpa Light Side Ewok leader that greatly improves ally basic abilities Support Ewok Yes
67%
Chirrut Imwe Light Side Balanced Rebel attacker that dispels debuffs, heals allies, and grants Tenacity Up Attacker Rebel/Rebel Fighter/Rogue One No
67%
Colonel Starck Dark Side Offensive support who provides critical buffs and removes enemy turn meter Support Empire/Imperial Trooper No
67%
Commander Ahsoka Tano Light Side Legendary Galactic Republic Attacker that reduces allied cooldowns and can instantly defeat enemies Attacker Galactic Republic/Scoundrel/Unaligned Force User No
67%
Coruscant Underworld Police Light Side Support that shuts down enemy defenses with Stuns and Offense Down Support Constable/Galactic Republic No
67%
CT-5555 "Fives" Light Side Tank with high defense, enemy speed reduction, and team-wide stat bonuses Tank 501st/Clone Trooper/Galactic Republic Yes
67%
Darth Malak Dark Side Brutal Sith Tank that terrorizes and drains his enemies to stay alive Tank Sith/Sith Empire No
67%
Darth Malgus Dark Side Legendary Sith Lord that causes doubt among his foes and heralds the return of the Sith Empire Tank Sith/Sith Empire Yes
67%
Darth Nihilus Dark Side Sith Support that can instantly defeat enemies by draining cooldowns Support Sith Yes
67%
Darth Sion Dark Side Aggressive Sith tank that becomes stronger with Hatred Tank Sith No
67%
Dash Rendar Light Side Charismatic Scoundrel Leader who gives Scoundrel allies Prepared Support Mercenary/Scoundrel/Smuggler Yes
67%
Dathcha Light Side Versatile Support able to Ability Block and Stealth, effective against Droids or with Jawas Support Jawa Yes
67%
Death Trooper Dark Side Terrifying Empire Attacker who inflicts debilitating debuffs and prevents revives Attacker Empire/Imperial Remnant/Imperial Trooper No
67%
Death Trooper (Peridea) Dark Side Vicious Attacker with devastating Critical Damage and can instantly defeat enemies with low health Attacker Imperial Remnant/Nightsister No
67%
Dengar Dark Side Adaptable Scoundrel attacker that Stuns and inflicts Tenacity Down Attacker Bounty Hunter/Mercenary/Scoundrel Yes
67%
Depa Billaba Light Side Jedi Vanguard Attacker that gains extra boosts from a full Jedi Vanguard team and a specific Jedi Vanguard leader Attacker Galactic Republic/Jedi/Jedi Vanguard No
67%
First Order Executioner Dark Side Merciless First Order Attacker who executes powerful attacks Attacker First Order No
67%
First Order SF TIE Pilot Dark Side Subversive First Order Attacker who buffs allies and disrupts enemies Attacker First Order No
67%
First Order TIE Pilot Dark Side First Order attacker that can deal extreme damage in a single turn with Advantage Attacker First Order No
67%
General Veers Dark Side Aggressive Empire Support that becomes stronger as enemies are defeated Support Empire/Imperial Trooper Yes
67%
Geonosian Brood Alpha Dark Side Geonosian Support that swarms enemies with summoned allies and Hive Mind Support Geonosian/Separatist Yes
67%
Geonosian Soldier Dark Side Aggressive Attacker who calls assists and grants powerful offensive bonuses to Geonosian allies Attacker Geonosian/Separatist No
67%
Geonosian Spy Dark Side Stealthy Geonosian Attacker who Exposes enemies and has high damage potential Attacker Geonosian/Separatist No
67%
Great Mothers Dark Side Nightsister Support that can keep allies alive and set up deadly single-fire attacks Support Nightsister Yes
67%
Greedo Dark Side Deadly Attacker that gains extra attacks from Critical Hits Attacker Bounty Hunter/Hutt Cartel/Scoundrel Yes
67%
HK-47 Dark Side Offensive Attacker with powerful synergy for a certain Sith Empire Leader Attacker Droid/Sith Empire No
67%
Hondo Ohnaka Neutral The unparalled Scoundrel willing to play all angles for his own gains Support Mercenary/Pirate/Scoundrel/Smuggler No
67%
Hoth Rebel Scout Light Side Single target attacker with crit synergies and speed building abilities Attacker Rebel/Rebel Fighter No
67%
Hoth Rebel Soldier Light Side Support character that debuffs, taunts, and defensively buffs, with Rebel and anti-Empire synergies Support Rebel/Rebel Fighter No
67%
IG-86 Sentinel Droid Dark Side Droid Attacker with a powerful Droid Assist and devastating Criticals Attacker Droid No
67%
Imperial Super Commando Dark Side An Empire Attacker with counter mechanics who dispels buffs and applies buff immunity Attacker Empire/Mandalorian No
67%
Jawa Scavenger Light Side Versatile Jawa Support who can detonate Thermal Detonators to inflict a large variety of status effects Support Jawa No
67%
Jocasta Nu Light Side Jedi Vanguard Attacker that deals increased damage as the round progresses further Attacker Galactic Republic/Jedi/Jedi Vanguard No
67%
Jolee Bindo Light Side Potent Jedi Healer with high durability and resistance to disruption Healer Jedi/Old Republic No
67%
Juhani Light Side Unique Jedi Tank who dispels debuffs from Old Republic allies and becomes more dangerous below full Health Tank Jedi/Old Republic No
67%
Ki-Adi Mundi Light Side Formidable Jedi Master who shifts between Ataru and Makashi lightsaber forms Attacker Galactic Republic/Jedi No
67%
Krrsantan Dark Side Infamous Bounty Hunter Tank with an intimidating presence and unstoppable raw strength Tank Bounty Hunter/Hutt Cartel/Scoundrel/Wookiee Yes
67%
Kuiil Light Side A supportive mechanic who aids Droids and Scoundrels Support Scoundrel No
67%
Kyle Katarn Light Side Jedi and Rebel Attacker that uplifts Rebel Fighter squads Attacker Jedi/Rebel/Rebel Fighter No
67%
Kylo Ren Dark Side Versatile First Order attacker that can reuse special attacks when damaged Attacker First Order/Unaligned Force User No
67%
Kylo Ren (Unmasked) Dark Side Tough First Order Tank with a powerful Stun Tank First Order/Unaligned Force User Yes
67%
L3-37 Light Side Droid Tank that can dispel allies and has multiple ways to increase her stats permanently Tank Droid/Scoundrel/Smuggler No
67%
Logray Light Side Sage Ewok Support who can Daze enemies and grant Ewok allies many buffs Support Ewok No
67%
Lord Vader Dark Side Legendary Sith Lord who utilizes the actions of others to empower his own potential and is not to be underestimated Attacker Empire/Galactic Legend/Sith Yes
67%
Luthen Rael Light Side Elusive Rebel Fighter that uses summons as diversions and stat boosters after their defeat Support Rebel/Rebel Fighter No
67%
Marrok Dark Side Cunning Mercenary Attacker that reduces enemies' Offense by assisting allies Attacker Inquisitorius/Mercenary/Unaligned Force User No
67%
Maz Kanata Light Side Pirate Support that calls assists, frequently cleanses her team, and removes the Profit cap for her Pirate allies Support Pirate/Scoundrel/Smuggler/Unaligned Force User Yes
67%
Merrin Dark Side A Nightsister witch who proactively defends her allies and inflicts enemies with Plague Support Nightsister No
67%
Mission Vao Light Side Slippery Scoundrel Attacker who blinds her enemies Attacker Old Republic/Scoundrel No
67%
Morgan Elsbeth Dark Side Nightsister Tank that provides defensive boosts to her team whilst containing large damage and debuff capabilities Tank Nightsister No
67%
Nightsister Acolyte Dark Side Stealth attacker with some enemy debuffing and self healing ability Attacker Nightsister No
67%
Nightsister Spirit Dark Side Veiled Nightsister Attacker who Dispels, Stuns, and gains Foresight Attacker Nightsister No
67%
Nightsister Zombie Dark Side Vile Nightsister Tank who inflicts Tenacity Down and can't be stopped from reviving endlessly Tank Nightsister No
67%
Old Daka Dark Side Defensive Nightsister Healer who Stuns and Revives Healer Nightsister Yes
67%
Padawan Sabine Wren Light Side Spectre Attacker that gains additional Critical Damage with Force Connection and other Spectre allies Attacker Mandalorian/Spectre/Unaligned Force User No
67%
Paploo Light Side Resourceful Ewok Tank with assist and buff synergies Tank Ewok No
67%
Qi'ra Light Side High-utility Support that uses Prepared, debuffs, and an adaptable Leader ability to overwhelm enemies Support Scoundrel/Smuggler Yes
67%
Queen Amidala Light Side Elusive Support that employs bodyguards to take damage for her Support Galactic Republic Yes
67%
Resistance Trooper Light Side Opportunistic Resistance attacker that can deal heavy damage to debuffed enemies Attacker Resistance No
67%
Rey Light Side Resistance Leader who safeguards her allies by providing powerful shields and delivering high damage Attacker Galactic Legend/Resistance/Unaligned Force User Yes
67%
Rey (Dark Side Vision) Dark Side Sith Attacker that revives allies when enemies are defeated and prevents enemies from reviving Attacker First Order/Sith No
67%
Rey (Jedi Training) Light Side Resilient Resistance Tank who avenges debuffed allies and controls the battlefield Tank Resistance/Unaligned Force User Yes
67%
Rey (Scavenger) Light Side Risky Attacker that has high damage and evasion, but is vulnerable to debuffs Attacker Resistance/Unaligned Force User No
67%
Rose Tico Light Side A brave Resistance Attacker who can Stun and grant allies buffs Attacker Resistance No
67%
Royal Guard Dark Side Versatile Empire Tank that punishes enemies for attacking other allies Tank Empire No
67%
Sabine Wren Light Side Aggressive Phoenix Attacker that permanently strips Defense and punishes slower enemies Attacker Mandalorian/Phoenix/Rebel No
67%
Scarif Rebel Pathfinder Light Side Steadfast Rebel Tank who debuffs, Taunts, and self-revives Tank Rebel/Rebel Fighter/Rogue One No
67%
Scout Trooper Dark Side A stealthy soldier from the Galactic Empire that supports her teammates from the shadows Support Empire/Imperial Remnant/Imperial Trooper No
67%
Shoretrooper Dark Side Empire Tank who enters battle with Taunt, heals allies, and grants them Critical Hit Immunity Tank Empire/Imperial Trooper No
67%
Starkiller Dark Side A powerful Dark Side Force User whose inner conflict lifts up other Force Users Attacker Unaligned Force User No
67%
Sun Fac Dark Side Geonosian Tank who punishes attackers with a variety of negative effects Tank Geonosian/Separatist No
67%
Supreme Leader Kylo Ren Dark Side Destructive Leader of the First Order who overpowers his enemies with brutal attacks Attacker First Order/Galactic Legend/Unaligned Force User Yes
67%
Talia Dark Side Aggressive Healer that sacrifices Health so allies can recover Health and Turn Meter Healer Nightsister Yes
67%
Taron Malicos Dark Side A formidable Attacker and former Jedi with dark ambitions who fights on the edge of madness Attacker Unaligned Force User No
67%
Tech Light Side Stealthy support character that gives Translation to other Clone Troopers and applies Target Lock to enemies Support Bad Batch/Clone Trooper/Galactic Republic No
67%
The Stranger Dark Side Sith Leader that uplifts Unaligned Force Users and strips enemies that attack him of their Protection Attacker Sith Yes
67%
Threepio & Chewie Light Side Rebel Attacker duo that can distract their enemies with Blind and deal significant damage to all enemies in multi-encounter battles Attacker Droid/Rebel/Wookiee No
67%
TIE Fighter Pilot Dark Side Empire Attacker who inflicts Buff Immunity and gains Foresight Attacker Empire No
67%
Tusken Raider Dark Side Durable Attacker with Tusken Synergy and a strong Assist attack Attacker Tusken No
67%
Tusken Shaman Dark Side Offensive Healer that can also boost Offense and rapidly stack Damage Over Time effects Healer Tusken No
67%
URoRRuR'R'R Dark Side Tusken Support that can Stun frequently and speed up Tuskens for surprise attacks Support Tusken Yes
67%
Wampa Dark Side Fearsome predator from Hoth that attacks constantly with increasing strength Attacker None No
67%
Wat Tambor Dark Side Separatist Support who distributes powerful Tech to his allies Support Separatist No
67%
Wrecker (Mercenary) Light Side Bad Batch Tank that has frequents dispels, Turn Meter manipulation, and high damage potential Tank Bad Batch/Mercenary No
67%
Zaalbar Light Side Versatile Scoundrel Tank with a powerful AoE attack and reactive Taunt Tank Old Republic/Scoundrel/Wookiee No
67%
Zam Wesell Dark Side Lightning fast Scoundrel attacker that inflicts Evasion Down and detonates bombs Attacker Bounty Hunter/Scoundrel Yes
67%
0-0-0 Dark Side Dark Side Droid Support that inflicts Torture and Target Lock on enemies and grants Translation to allies Support Droid/Scoundrel No
33%
ARC Trooper Light Side Powerful Clone attacker that can command a blaster turret on the battlefield Attacker 501st/Clone Trooper/Galactic Republic No
33%
Asajj Ventress (Dark Disciple) Dark Side Bounty Hunter Attacker that grants another Bounty Hunter ally a special buff that generates extra Turn Meter and Assists Attacker Bounty Hunter/Nightsister/Unaligned Force User Yes
33%
Bastila Shan (Fallen) Dark Side Strong Sith support who inflicts a large number of debuffs including Shock, Fear, and Corrupted Battle Meditation Support Sith/Sith Empire No
33%
Batcher Light Side Persistent Attacker that ignores Taunt and Stealth in order to single out enemies Attacker Bad Batch No
33%
Bo-Katan (Mand'alor) Light Side Mandalorian Attacker and Leader that calls tons of assists and enables them to deal true damage through Ancestral Resolve Attacker Mandalorian Yes
33%
Boushh (Leia Organa) Light Side Hutt Cartel Attacker that prevents enemies from attacking out of turn with Deadly Bluff Attacker Bounty Hunter/Hutt Cartel/Scoundrel Yes
33%
Brutus Dark Side Ferocious Pirate Attacker that inflicts Bleed and gains extra Offense whenever the allied Leader takes damage Attacker Pirate/Scoundrel No
33%
BT-1 Dark Side Overwhelming Droid Attacker that excels in dealing AoE damage Attacker Droid/Scoundrel No
33%
Captain Drogan Light Side Rebel Attacker that inflicts Burning and replenishes allied Health and Protection with Keen Stratagem Attacker Rebel/Rebel Fighter No
33%
Captain Enoch Dark Side Imperial Remnant Support that relies on his allies' near-defeat to boost his team and decrease the enemies' Critical Chance Support Imperial Remnant Yes
33%
Captain Han Solo Light Side Daring Rebel support that risks himself to revive allies and daze enemies Support Rebel/Scoundrel No
33%
Captain Ithano Dark Side Fearsome Pirate Attacker that utilizes Profit to gain ability bonuses Attacker Pirate/Scoundrel Yes
33%
Captain Silvo Dark Side Slippery Pirate Support that gains extra Evasion chance with a full Pirate crew and can steal Turn Meter from enemies and grant it to his allies Support Pirate/Scoundrel/Unaligned Force User Yes
33%
CC-1119 "Appo" Dark Side Dark Side Clone Attacker who prevents enemies from gaining buffs and can trigger Damage Over Time effects Attacker Clone Trooper/Empire No
33%
Chief Nebit Light Side Cunning Jawa tank with Stealth synergies who can reduce cooldowns Tank Jawa Yes
33%
Cinta Kaz Light Side Determined Attacker that becomes more deadly under Stealth and assists against Undermined enemies Attacker Rebel/Rebel Fighter No
33%
Clone Sergeant - Phase I Light Side Clone attacker with AoE damage and turn meter reduction Attacker Clone Trooper/Galactic Republic No
33%
Cobb Vanth Light Side Constable Leader who gains bonuses against certain factions and grants his allies the ability to instantly defeat enemies Attacker Constable Yes
33%
CX-2 Dark Side Dark Side Clone Support that inflicts Disarm becomes untargetable with the right allies Support Clone Trooper/Empire No
33%
Dark Trooper Moff Gideon Dark Side Imperial Remnant leader that sacrifices his weakest allies to stay alive and controls the battle with Insight Tank Empire/Imperial Remnant Yes
33%
Darth Traya Dark Side Sith support who punishes enemies for relying on others Support Sith Yes
33%
Darth Vader (Duel's End) Dark Side Empire Attacker that boosts his and his team's Offense the more he takes and deals damage Attacker Empire/Sith No
33%
Dedra Meero Dark Side Cunning Support that spreads Expose and sabotages her allies to gain extra Offense Support Empire/ISB No
33%
Disguised Clone Trooper Dark Side Deceptive Empire Support that deals multiple instances of massive damage to enemies with Order 66 Support Clone Trooper/Empire No
33%
Doctor Aphra Dark Side An inventive and chaotic Support who employs dangerous treasures and technology to empower her team and unravel her foes Support Mercenary/Scoundrel Yes
33%
Ewok Elder Light Side Ewok Healer that specializes in Revives Healer Ewok No
33%
Ewok Scout Light Side Powerful single-target Attacker that becomes evasive with Ewok allies Attacker Ewok No
33%
Ezra Bridger (Exile) Light Side Elusive Spectre Attacker that can prevent enemies from attacking Attacker Jedi/Spectre No
33%
First Order Officer Dark Side First Order support that grants Advantage and can manipulate both ally and enemy Turn Meters Support First Order No
33%
Gamorrean Guard Dark Side Aggressive tank that Taunts and Counters with multiple Damage Over Time effects Tank Hutt Cartel/Scoundrel No
33%
Gungan Boomadier Light Side Relentless Gungan Attacker that inflicts numerous debuffs and can swap Turn Meter with allies Attacker Gungan No
33%
Gungan Phalanx Light Side Durable Gungan Tank with a reactive taunt that can reflect damage back onto his attackers Tank Gungan No
33%
Huyang Light Side Spectre Attacker that empowers Light Side and Droid allies with assists and stat increases Attacker Droid/Spectre No
33%
Iden Versio Dark Side Tenacious Empire Attacker who expertly takes out foes while supporting her squad Attacker Empire/Imperial Trooper Yes
33%
IG-12 & Grogu Light Side A restructured assassin droid who heals allies and disrupts enemies Healer Mandalorian No
33%
IG-90 Dark Side Bounty Hunter Support that makes summoned allies taunt and provides bonuses for other Dark Side Droids Support Bounty Hunter/Droid/Scoundrel Yes
33%
Ima-Gun Di Light Side Supportive Tank that boost ally defense and grants Jedi allies Counter Chance Support Galactic Republic/Jedi Yes
33%
Imperial Probe Droid Dark Side Imperial Droid who reveals and tracks enemies with Target Lock Support Droid/Empire/ISB No
33%
Jedi Consular Light Side Well-rounded Jedi Healer with a mix of offense and defense Healer Galactic Republic/Jedi No
33%
Jedi Knight Guardian Light Side Tenacious Jedi tank with crippling debuffs and natural recovery at low Health Tank Galactic Republic/Jedi No
33%
Jedi Knight Revan Light Side Fabled Jedi leader who controls the battle with a wide mix of powerful abilities Attacker Jedi/Old Republic Yes
33%
Kelleran Beq Light Side Resilient Jedi Attacker that can dish out massive protection-based damage and call assists Attacker Galactic Republic/Jedi Yes
33%
Kix Light Side Pirate Healer that has cleanses allies with Critical Hits and can revive Pirate allies Healer Clone Trooper/Pirate/Scoundrel No
33%
Kleya Marki Light Side Rebel Attacker that benefits from a certain Conquest Unit's presence and disrupts enemies with Undermine Attacker Rebel/Rebel Fighter No
33%
Lobot Light Side Rebel Support that can reliably inflict Defense Down, clear allied debuffs, and speed up allied Droids Support Constable/Rebel Yes
33%
Magmatrooper Dark Side Resilient Attacker that recovers quickly from debuffs and deals potent AoE damage Attacker Empire/Imperial Trooper No
33%
Master Qui-Gon Light Side Jedi Support with a powerful team cleanse and Galactic Republic synergy Support Galactic Republic/Jedi No
33%
Maul (Hate-Fueled) Dark Side Brutal Attacker that inflicts Bleed and becomes more deadly the more Health he loses Attacker Unaligned Force User No
33%
Mob Enforcer Dark Side Scoundrel Support with enemy debuff ability and a thermal detonator Attacker Hutt Cartel/Scoundrel No
33%
Nightsister Initiate Dark Side Critical-focused Attacker that can render enemies immune to buffs Attacker Nightsister No
33%
Night Trooper Dark Side Debilitating Attacker that prevents enemies from gaining Health Steal and punishes enemies for gaining bonus Turn Meter Attacker Imperial Remnant/Nightsister No
33%
Pao Light Side Unrelenting Rebel Attacker with a mighty battle cry Attacker Rebel/Rebel Fighter/Rogue One No
33%
Pirate King Hondo Ohnaka Dark Side Galactic Legend Support that allows allies to ignore Taunt, makes allies deadlier the more Profit they gain, and even makes his enemies give him stat bonuses Support Galactic Legend/Pirate/Scoundrel/Smuggler Yes
33%
Princess Kneesaa Light Side Mighty Ewok Attacker that consistently generates extra attacks Attacker Ewok No
33%
Quiggold Dark Side Pirate Tank that can steal enemy buffs and redistribute them to his team Tank Pirate/Scoundrel No
33%
Range Trooper Dark Side Aggressive Empire Support that provides other Imperial Trooper allies with Assist chance Attacker Empire/Imperial Trooper No
33%
RC-1262 "Scorch" Dark Side Durable Empire Tank that uses Bulwark to shrug off enemy damage Tank Clone Trooper/Empire No
33%
Resistance Pilot Light Side Resistance attacker that can use Expose, Foresight, and Turn Meter gains to surprise enemies Attacker Resistance No
33%
Sana Starros Light Side Scoundrel turned Rebel sympathizer that helps her team deal area of effect damage Attacker Scoundrel/Smuggler Yes
33%
Sith Assassin Dark Side Elusive Sith Attacker with Stealth synergy Attacker Sith/Sith Empire No
33%
Sith Marauder Dark Side Destructive Sith Attacker that takes advantage of all buffs and debuffs in battle Attacker Sith/Sith Empire No
33%
SM-33 Dark Side Pirate Attacker that becomes more deadly when the allied Pirate Leader is attacked Attacker Droid/Pirate/Scoundrel No
33%
Snowtrooper Dark Side Empire Attacker that becomes faster and stronger as enemies are defeated Attacker Empire/Imperial Trooper No
33%
STAP Dark Side Lightning-fast attacker that can bolster Separatist forces with Pinned and Target Lock Attacker Droid/Separatist No
33%
Stormtrooper Luke Light Side Rebel Support that grants Bonus Turns, increases effect chance, and inflicts Buff Disruption Support Rebel Yes
33%
T3-M4 Light Side Offensive Droid who supports a Droid team with extra stats and debuffs the enemy team Support Droid/Old Republic No
33%
Teebo Light Side Ewok stealth character with stealth synergies and some control ability Tank Ewok Yes
33%
Temple Guard Light Side Jedi Vanguard Tank with high Critical Avoidance and Ability Block Tank Galactic Republic/Jedi/Jedi Vanguard No
33%
The Mandalorian (Beskar Armor) Light Side Fearless Scoundrel leader who hunts down enemies to protect his allies Attacker Mandalorian/Mercenary/Scoundrel Yes
33%
Tusken Chieftain Dark Side A strong tribal leader who protects his allies with Momentum and inflicts foes with damaging effects Support Tusken Yes
33%
Tusken Warrior Dark Side Brave and fearless Tusken warrior whose attacks become stronger with Momentum Attacker Tusken No
33%
Ugnaught Light Side Anti-Droid Support with AoE damage and high Evasion against Droids Support None No
33%
Vane Dark Side Tricky Pirate Tank that can cleanse his team at the cost of giving debuffs to himself, and regenerates Health and Protection when his allies score Critical Hits Tank Pirate/Scoundrel No
33%
Vel Sartha Light Side Rebel Support that can function as a Tank and grants offensive stat boosts to her team at the start of her turns Support Rebel/Rebel Fighter No
33%
Visas Marr Light Side Offensive Healer with strong anti-Sith synergy Healer Unaligned Force User No
33%
Cassian Andor (Undercover) Light Side Rebel Leader who becomes more deadly as more enemies are Undermined Support Rebel/Rebel Fighter Yes
0%
KX Security Droid Dark Side ISB Tank that constantly regenerates Health and Protection and gains extra Offense equal to their Defense Tank Droid/Empire/ISB No
0%
Major Partagaz Dark Side ISB Leader that calls plenty of assists and grants other ISB allies stacking bonuses as their Ranks ascend Support Empire/ISB Yes
0%
Satele Shan Light Side Old Republic Jedi that constantly saves her allies from defeat and slows her enemies with Daze and Stun Attacker Jedi/Old Republic Yes
0%
Sith Empire Trooper Dark Side Sith Tank who Taunts and ignores enemy Protection Tank Sith/Sith Empire No
0%
No matching quizzes found
Score Distribution
Percent of People with Each Score
Percentile by Number Answered
Your Score History
You have not taken this quiz since the last reset